LEADER 01593nam 2200337 n 450 001 996392153103316 005 20200824121645.0 035 $a(CKB)4940000000107462 035 $a(EEBO)2248534055 035 $a(UnM)99861697e 035 $a(UnM)99861697 035 $a(EXLCZ)994940000000107462 100 $a19920619d1646 uh | 101 0 $aeng 135 $aurbn||||a|bb| 200 10$aTwo ordinances of the Lords and Commons assembled in Parliament$b[electronic resource] $eOne for the abolishing of archbishops and bishops, within the kingdome of England and dominion of Wales, and for setling of their lands and posessions upon trustees, for the use of the common-wealth: the other, for securing of all those that shall advance the two hundred thousand pound for the service of the state. Die Martii, Octob. 13. 1646. Ordered by the Lords assembled in Parliament that these ordinances be forthwith printed and published. John Brown, Cler. Parliamentorum 210 $aLondon, $cPrinted for John Wright at the Kings-head in the Old Baily$dOctob. 14, 1646 215 $a[2], 10 p 300 $aThe two ordinances are dated October 9 and 13 respectively. 300 $aReproduction of the original in the British Library. 330 $aeebo-0018 606 $aChurch lands$zEngland$vEarly works to 1800 615 0$aChurch lands 801 0$bCu-RivES 801 1$bCu-RivES 801 2$bCStRLIN 801 2$bWaOLN 906 $aBOOK 912 $a996392153103316 996 $aTwo ordinances of the Lords and Commons assembled in Parliament$92299709 997 $aUNISA